| 000 -LEADER |
| fixed length control field |
00737nam a22001817a 4500 |
| 001 - CONTROL NUMBER |
| control field |
3700 |
| 003 - CONTROL NUMBER IDENTIFIER |
| control field |
BD-DhUAP |
| 005 - DATE AND TIME OF LATEST TRANSACTION |
| control field |
20210119100515.0 |
| 008 - FIXED-LENGTH DATA ELEMENTS--GENERAL INFORMATION |
| fixed length control field |
200129s2001 bg a|||| |||| 00| 0 eng d |
| 040 ## - CATALOGING SOURCE |
| Original cataloging agency |
BD-DhUAP |
| Language of cataloging |
Eng |
| Transcribing agency |
BD-DhUAP |
| Modifying agency |
BD-DhUAP |
| 082 ## - DEWEY DECIMAL CLASSIFICATION NUMBER |
| Edition number |
23 |
| Classification number |
954.92 BAN |
| 245 ## - TITLE STATEMENT |
| Title |
বাঙালী ও বাংলাদেশের ঘটনাপঞ্জি / |
| Statement of responsibility, etc. |
হারুন-অর-রশিদ কর্তৃক সম্পাদিত। |
| 260 ## - PUBLICATION, DISTRIBUTION, ETC. |
| Place of publication, distribution, etc. |
ঢাকা : |
| Name of publisher, distributor, etc. |
হাসিনা প্রকাশন, |
| Date of publication, distribution, etc. |
c২০০১। |
| 300 ## - PHYSICAL DESCRIPTION |
| Extent |
[১০], পৃষ্ঠা : |
| Other physical details |
চিত্র ; |
| Dimensions |
২২ সেমি.। |
| 651 ## - SUBJECT ADDED ENTRY--GEOGRAPHIC NAME |
| Geographic name |
Bangladesh |
| Form subdivision |
History. |
| 700 ## - ADDED ENTRY--PERSONAL NAME |
| Personal name |
হারুন-অর-রশিদ। |
| 942 ## - ADDED ENTRY ELEMENTS (KOHA) |
| Source of classification or shelving scheme |
|
| Koha item type |
Book |